000 01169nam a2200313 a 4500
001 ES-MaREB01154918-5
003 OSt
005 20140605213004.0
008 110308s2009 espa e 001 0 spa d
020 _a978-0-7817-8526-2
040 _cBMC
082 _a611.8
100 1 _919805
_aBarr, Murray L.
_d1908-1995
245 1 3 _aEl sistema nervioso humano
_b: una perspectiva anatómica
_cBarr ; [editor], John A. Kiernan ; [traducción Óscar Nabais Simón, Tomás Pérez Pazos, Marta Vigo Anglada]
250 _a9ª ed
260 _aBarcelona
_bLippincott Williams and Williams
_c2009
300 _aVII, 424 p.
_bil.
_c25 cm
500 _aÍndice alfabético de materias: p. 407-424
500 _aGlosario de términos neuroanatómicos y afines: p. 395-406
504 _aBibliografía al final de cada capítulo
594 _1Traducción de: Barr's the human nervous system, 9th ed.
650 2 4 _aNeuroanatomía
_919606
650 2 4 _919811
_aSistema nervioso
700 1 _aKiernan, John Alan
_919607
700 1 _aPérez Pazos, Tomás
_919612
700 1 _aVigo Anglada, Marta
_919613
700 1 _919609
_aNabais Simón, Óscar
942 _2ddc
_cBK
999 _c10552
_d10552